[Event "Championnat de Paris"]
[Site "Paris"]
[Date "????.??.??"]
[Round "4.29"]
[White "Saatdjian, Thomas"]
[Black "Forthofer, Robert"]
[Result "0-1"]
[WhiteElo "2202"]
[BlackElo "2255"]
[PlyCount "78"]

1. Nf3 Nf6 2. c4 g6 3. Nc3 Bg7 4. e4 d6 5. d4 O-O 6. Be2 e5 7. d5 a5 8. Bg5 Qe8
9. Nd2 Na6 10. O-O h6 11. Bh4 Nh7 12. f3 f5 13. a3 f4 14. Bf2 Bd7 15. b4 axb4
16. axb4 Nxb4 17. Qb3 c5 18. dxc6 Nxc6 19. Rxa8 Qxa8 20. c5+ Kh8 21. cxd6 Ng5
22. Rb1 Rb8 23. Nd5 Be6 24. Nc4 Bxd5 25. exd5 Nd4 26. Bxd4 exd4 27. Nb6 Qa7 28.
Bd3 Nf7 29. d7 Ne5 30. Bxg6 d3 31. Bf5 Rd8 32. Qb4 Qa2 33. Rf1 Qe2 34. Re1 d2
35. Rxe2 d1=Q+ 36. Re1 Nxf3+ 37. gxf3 Bd4+ 38. Kg2 Rg8+ 39. Bg4 Rxg4+ 0-1

[Event "Championnat de Paris"]
[Site "Paris"]
[Date "????.??.??"]
[Round "4.30"]
[White "Colson, Arnaud"]
[Black "Boukobza, Adrien"]
[Result "0-1"]
[WhiteElo "2211"]
[BlackElo "2192"]
[PlyCount "74"]

1. d4 e6 2. c4 d5 3. Nc3 f5 4. Nf3 Nf6 5. Bf4 c6 6. e3 Be7 7. Bd3 O-O 8. Qc2
Ne4 9. g4 Na6 10. a3 Qa5 11. Ke2 Nxc3+ 12. bxc3 Nc7 13. Ne5 Ne8 14. c5 Kh8 15.
h4 Bf6 16. gxf5 exf5 17. h5 Nc7 18. Rh2 Ne6 19. Ng6+ hxg6 20. hxg6+ Kg8 21.
Rah1 Nxf4+ 22. exf4 Re8+ 23. Kf3 Kf8 24. Rh8+ Ke7 25. Qe2+ Be6 26. Bxf5 Qxc3+
27. Kg2 Kd7 28. Rxe8 Rxe8 29. Rh8 Qxd4 30. Rxe8 Bxf5 31. Rf8 Qe4+ 32. Qxe4
Bxe4+ 33. f3 Bxg6 34. Ra8 d4 35. Rxa7 Kc7 36. Kf2 d3 37. Ke3 Bd4+ 0-1

[Event "Championnat de Paris"]
[Site "Paris"]
[Date "????.??.??"]
[Round "4.31"]
[White "Liard, Thibaud"]
[Black "Eche, Sylvain"]
[Result "0-1"]
[WhiteElo "2135"]
[BlackElo "2203"]
[PlyCount "67"]

1. d4 Nf6 2. c4 e6 3. g3 Bb4+ 4. Bd2 Qe7 5. Bg2 O-O 6. Nf3 Bxd2+ 7. Nbxd2 Nc6
8. O-O d6 9. e4 e5 10. d5 Nb8 11. Ne1 Bg4 12. Qc2 Be2 13. Nd3 Bxf1 14. Rxf1
Nbd7 15. Bh3 a5 16. f4 exf4 17. gxf4 Rfe8 18. Re1 Qd8 19. Kh1 Nf8 20. Qd1 c6
21. e5 dxe5 22. fxe5 N6d7 23. Qf3 cxd5 24. cxd5 Ng6 25. Qe4 Ndxe5 26. Nc5 b6
27. Nb7 Qg5 28. Nb3 Qh5 29. Bg2 Nh4 30. d6 Nxg2 31. Kxg2 Kf8 32. Qd5 Qg4+ 33.
Kh1 Nd3 34. Rf1 0-1

[Event "Championnat de Paris"]
[Site "Paris"]
[Date "????.??.??"]
[Round "4.32"]
[White "Vallepin, Cedric"]
[Black "Lamorelle, Julien"]
[Result "1/2-1/2"]
[WhiteElo "2150"]
[BlackElo "2230"]
[PlyCount "83"]

1. e4 c5 2. Nf3 d6 3. Bb5+ Bd7 4. Bxd7+ Qxd7 5. c4 Nc6 6. Nc3 g6 7. d4 cxd4 8.
Nxd4 Bg7 9. Nde2 Nf6 10. f3 O-O 11. Be3 a6 12. a4 Nb4 13. O-O Rac8 14. b3 e6
15. Qd2 Qe7 16. Rad1 Rfd8 17. Bb6 Rd7 18. Nb5 d5 19. Na7 Ra8 20. e5 Ne8 21. c5
a5 22. f4 f6 23. Qe3 fxe5 24. fxe5 Rxa7 25. Bxa7 Nc6 26. Bb6 Bxe5 27. Nf4 Ng7
28. Kh1 Nf5 29. Qe1 d4 30. Rd3 Bxf4 31. Rxf4 e5 32. Re4 Qe6 33. Bxa5 Qd5 34. b4
Rf7 35. Rd1 Qb3 36. Rb1 Qxa4 37. Ra1 Qb5 38. Rxe5 Nxe5 39. Qxe5 Ne3 40. Qd5 Qd7
41. Qxd7 Rxd7 42. b5 1/2-1/2

[Event "Championnat de Paris"]
[Site "Paris"]
[Date "????.??.??"]
[Round "4.33"]
[White "Strugnell, Carl"]
[Black "Morabbi, Armin"]
[Result "1-0"]
[WhiteElo "2216"]
[BlackElo "2137"]
[PlyCount "75"]

1. e4 e6 2. d4 d5 3. Nc3 Bb4 4. e5 Qd7 5. f4 b6 6. Nf3 Ba6 7. Bxa6 Nxa6 8. Qd3
Bxc3+ 9. bxc3 Qa4 10. O-O Ne7 11. a3 c5 12. Be3 c4 13. Qd2 Nf5 14. Bf2 h5 15.
Nh4 Ne7 16. f5 exf5 17. Qg5 Nc7 18. Qxg7 Rg8 19. Qf6 Qxc2 20. Rac1 Qe4 21. Bg3
Ne6 22. Rce1 Qg4 23. Nxf5 Nxf5 24. Rxf5 Rg7 25. Ref1 Qg6 26. Qxg6 fxg6 27. Rf6
Ke7 28. Bf4 g5 29. Bc1 b5 30. Rh6 Rf7 31. Rxh5 Rxf1+ 32. Kxf1 a5 33. Rh7+ Ke8
34. Bxg5 b4 35. Rh8+ Nf8 36. axb4 a4 37. e6 a3 38. e7 1-0

[Event "Championnat de Paris"]
[Site "Paris"]
[Date "????.??.??"]
[Round "5.14"]
[White "Touboulic, Julien"]
[Black "Shchekachev, Andrei"]
[Result "0-1"]
[WhiteElo "2244"]
[BlackElo "2593"]
[PlyCount "94"]

1. e4 c5 2. Nf3 d6 3. Bb5+ Nd7 4. d4 Ngf6 5. Nc3 cxd4 6. Qxd4 e5 7. Qd3 h6 8.
O-O Be7 9. Be3 O-O 10. a4 Qc7 11. Nh4 Nc5 12. Bxc5 Qxc5 13. Bc4 Be6 14. Bxe6
fxe6 15. Qh3 Kf7 16. Qg3 g5 17. Nf3 Rg8 18. Nd2 Rac8 19. a5 d5 20. Nb3 Qd6 21.
a6 bxa6 22. Qd3 Rc6 23. Ra4 d4 24. Nb1 Rgc8 25. Na3 Qb8 26. Na5 Rc5 27. N5c4
Qb7 28. Re1 Kg7 29. b3 Rb5 30. Nb1 Nd7 31. Qg3 Nc5 32. Ra2 Nxe4 33. Qg4 Nf6 34.
Qxe6 Rc6 35. Qf5 Rxc4 36. bxc4 Rxb1 37. Qxe5 Bd6 38. Qe6 Qb4 39. Ra1 Rxe1+ 40.
Rxe1 a5 41. c5 Bxc5 42. Ra1 a4 43. Qa2 Bb6 44. Qxa4 Qxa4 45. Rxa4 a5 46. Kf1
Ne4 47. Ke1 Kf6 0-1

[Event "Championnat de Paris"]
[Site "Paris"]
[Date "????.??.??"]
[Round "5.17"]
[White "Do, Huu-Thi"]
[Black "Shirazi, Kamran"]
[Result "0-1"]
[WhiteElo "2170"]
[BlackElo "2429"]
[PlyCount "134"]

1. d4 c5 2. d5 e6 3. Nc3 a6 4. a4 exd5 5. Nxd5 Nf6 6. Bg5 Be7 7. Bxf6 Bxf6 8.
Nf3 Bxb2 9. Rb1 Bf6 10. Nb6 Bc3+ 11. Nd2 Ra7 12. e4 O-O 13. Be2 Qg5 14. Bf3 Nc6
15. Rb3 Be5 16. O-O Nd4 17. Ndc4 Bc7 18. a5 Nxb3 19. cxb3 d6 20. Nd5 Bb8 21.
Ncb6 Be6 22. Be2 Qd8 23. Qd2 Bxd5 24. Nxd5 Bc7 25. Ra1 b5 26. axb6 Bxb6 27. Bc4
a5 28. Ra4 Kh8 29. g4 Rb7 30. Kg2 Qh4 31. h3 Rfb8 32. Qf4 Qd8 33. Ra3 Qf8 34.
Qf3 Bd8 35. Qf4 Qe8 36. Kg3 Qe5 37. Qxe5 dxe5 38. h4 Kg8 39. g5 Kf8 40. Kg4 Ke8
41. Kf5 Rc8 42. Kxe5 Rc6 43. Ne3 Re7+ 44. Kd5 Rce6 45. Bb5+ Kf8 46. f3 h6 47.
Ra2 hxg5 48. hxg5 Rb7 49. Ba4 Bxg5 50. Nc4 Bd8 51. f4 Rh6 52. f5 Rh3 53. Kxc5
Rd3 54. Re2 Rb4 55. Rc2 Rb8 56. Re2 Be7+ 57. Kc6 Bb4 58. e5 Rbd8 59. Rh2 Kg8
60. Re2 Rf3 61. Nd6 Bxd6 62. exd6 Rc3+ 63. Kb5 Rxd6 64. Re5 f6 65. Rc5 Rxc5+
66. Kxc5 Rd3 67. Bb5 Rf3 0-1

[Event "Championnat de Paris"]
[Site "Paris"]
[Date "????.??.??"]
[Round "5.18"]
[White "Onkoud, Abdelaziz"]
[Black "Dourerassou, Jonathan"]
[Result "1-0"]
[WhiteElo "2427"]
[BlackElo "2336"]
[PlyCount "141"]

1. g3 g6 2. Bg2 Bg7 3. c4 e5 4. Nc3 f5 5. d3 Nf6 6. e4 fxe4 7. dxe4 d6 8. h3
Be6 9. b3 O-O 10. Be3 Qd7 11. Qd2 Nc6 12. Nge2 a5 13. Nd5 a4 14. b4 Rae8 15.
Rc1 Rf7 16. Nxf6+ Bxf6 17. b5 Nd4 18. Nxd4 exd4 19. Bxd4 Bxd4 20. Qxd4 d5 21.
cxd5 Bxd5 22. O-O Bxe4 23. Qxd7 Rxd7 24. Rfe1 Rde7 25. Bxe4 Rxe4 26. Rxe4 Rxe4
27. Rxc7 Re2 28. a3 Ra2 29. Rc3 Rb2 30. Rc8+ Kg7 31. Rc7+ Kh6 32. Rxb7 Rb3 33.
h4 Rxa3 34. Kg2 Rb3 35. g4 a3 36. Ra7 a2 37. Rxa2 Rxb5 38. Ra7 g5 39. hxg5+
Rxg5 40. Kg3 Rb5 41. f4 Rb1 42. Ra6+ Kg7 43. g5 Rg1+ 44. Kf3 Rb1 45. Kg4 Rb5
46. Ra7+ Kg8 47. Re7 Rb6 48. Kf5 Rb4 49. Ke5 Rb5+ 50. Kf6 Rb6+ 51. Re6 Rb8 52.
f5 Ra8 53. Rd6 Rf8+ 54. Ke5 Re8+ 55. Kd5 Re1 56. Rd7 Re2 57. Kd6 Re8 58. f6 Ra8
59. Ke6 Ra6+ 60. Kf5 Ra5+ 61. Kg4 Ra4+ 62. Kf5 Ra5+ 63. Ke6 Ra6+ 64. Rd6 Ra8
65. Rd5 Ra6+ 66. Kf5 Kf7 67. Rd7+ Kg8 68. g6 hxg6+ 69. Kxg6 Ra8 70. Rg7+ Kf8
71. Rh7 1-0

[Event "Championnat de Paris"]
[Site "Paris"]
[Date "????.??.??"]
[Round "5.20"]
[White "Monroy, Charles"]
[Black "Morelle, Ludovic"]
[Result "1-0"]
[WhiteElo "2388"]
[BlackElo "2283"]
[PlyCount "69"]

1. e4 g6 2. d4 Bg7 3. Nc3 c6 4. Nf3 d5 5. h3 Nh6 6. Bf4 f6 7. exd5 cxd5 8. Nb5
O-O 9. c4 Na6 10. Nc3 e6 11. Be2 Nf7 12. cxd5 exd5 13. Qb3 g5 14. Bh2 Re8 15.
O-O f5 16. Rfe1 g4 17. hxg4 fxg4 18. Ne5 Nxe5 19. Bxe5 Bxe5 20. dxe5 Be6 21.
Qxb7 Nc5 22. Qb4 Qb6 23. Qxb6 axb6 24. b4 Na6 25. Bxa6 Rxa6 26. Rad1 Rd8 27.
Rd4 Ra3 28. Re3 Rc8 29. Nxd5 Rc1+ 30. Kh2 Rxa2 31. Nf6+ Kg7 32. Nxg4 h5 33. Nf6
Rxf2 34. Nxh5+ Kh6 35. Nf4 1-0

[Event "Championnat de Paris"]
[Site "Paris"]
[Date "????.??.??"]
[Round "5.21"]
[White "Emmenecker, Philippe"]
[Black "Bergez, Luc"]
[Result "1-0"]
[WhiteElo "2175"]
[BlackElo "2398"]
[PlyCount "89"]

1. d4 d5 2. Nf3 Nf6 3. c4 c6 4. Nc3 e6 5. Bg5 dxc4 6. e4 b5 7. e5 h6 8. Bh4 g5
9. exf6 gxh4 10. Ne5 Qxf6 11. Be2 Nd7 12. Nxc6 Bb7 13. Bf3 a6 14. O-O Rg8 15.
Nd5 exd5 16. Re1+ Ne5 17. Rxe5+ Kd7 18. Na5 Bd6 19. Nxb7 Bxe5 20. dxe5 Qxe5 21.
Bxd5 Kc7 22. Qd2 Ra7 23. Re1 Qf6 24. Qb4 Kb8 25. Na5 Rc7 26. a4 Rd8 27. Bf3 Qd6
28. Qxd6 Rxd6 29. axb5 axb5 30. Re5 Ka7 31. h3 Kb6 32. Nb7 Rd2 33. Rf5 b4 34.
Rf6+ Kb5 35. Rf5+ Ka4 36. Nc5+ Rxc5 37. Rxc5 Kb3 38. Bd5 Rd1+ 39. Kh2 Rxd5 40.
Rxd5 Kxb2 41. Rd4 Kc3 42. Rxh4 b3 43. Rxh6 Kd4 44. Rb6 c3 45. Rb4+ 1-0

[Event "Championnat de Paris"]
[Site "Paris"]
[Date "????.??.??"]
[Round "5.22"]
[White "Eche, Sylvain"]
[Black "Paredes Galan, Angel"]
[Result "0-1"]
[WhiteElo "2203"]
[BlackElo "2361"]
[PlyCount "108"]

1. e4 e6 2. d4 d5 3. e5 c5 4. c3 Nc6 5. Nf3 Bd7 6. a3 f6 7. Bd3 Qc7 8. Bf4
O-O-O 9. O-O h6 10. Bg3 f5 11. h3 g5 12. Re1 Be8 13. dxc5 Bh5 14. Nbd2 Bxc5 15.
b4 Bb6 16. a4 f4 17. Bh2 Qg7 18. Qb3 Bxf3 19. Nxf3 h5 20. a5 Bc7 21. Nd4 Nxd4
22. cxd4 Ne7 23. b5 g4 24. Bxf4 gxh3 25. g3 Rdf8 26. Be3 h4 27. Kh2 hxg3+ 28.
fxg3 Rf3 29. g4 Qxg4 30. Rg1 Qh4 31. Qc2 Kb8 32. Qe2 Rhf8 33. Raf1 Rxf1 34.
Rxf1 Rxf1 35. Qxf1 Bxa5 36. Qf6 Qg4 37. Bf1 Nc8 38. Bxh3 Qe2+ 39. Qf2 Qxb5 40.
Bxe6 Bb4 41. Qg2 Ne7 42. Bg5 a5 43. Bxe7 Bxe7 44. Qxd5 Qxd5 45. Bxd5 Ba3 46. e6
Kc7 47. Bc4 Be7 48. Kg3 Kc6 49. Kf4 b5 50. Bd3 a4 51. Ke5 b4 52. Be4+ Kb6 53.
Kd5 a3 54. Bb1 b3 0-1

[Event "Championnat de Paris"]
[Site "Paris"]
[Date "????.??.??"]
[Round "5.23"]
[White "Picard, Romain"]
[Black "Blazkova, Petra"]
[Result "1/2-1/2"]
[WhiteElo "2357"]
[BlackElo "2173"]
[PlyCount "53"]

1. e4 e6 2. d4 d5 3. Nd2 Nf6 4. e5 Nfd7 5. c3 c5 6. Bd3 b6 7. Nh3 Ba6 8. Bxa6
Nxa6 9. Qg4 Nab8 10. O-O Nc6 11. Nf3 h6 12. Nf4 Qe7 13. Bd2 O-O-O 14. b3 Kb8
15. a4 g5 16. Nh5 f5 17. exf6 Nxf6 18. Nxf6 Qxf6 19. Rfe1 Qf5 20. h3 Qxg4 21.
hxg4 Re8 22. Re2 Kc7 23. Rd1 Bd6 24. Be3 Rhf8 25. c4 cxd4 26. Bxd4 dxc4 27. Bg7
1/2-1/2

[Event "Championnat de Paris"]
[Site "Paris"]
[Date "????.??.??"]
[Round "5.24"]
[White "Karim, Ismael"]
[Black "Houhou, Olivier"]
[Result "0-1"]
[WhiteElo "2288"]
[BlackElo "2255"]
[PlyCount "64"]

1. e4 c5 2. Nf3 e6 3. d4 cxd4 4. Nxd4 a6 5. c4 Nf6 6. Nc3 Qc7 7. a3 d6 8. Be2
b6 9. Be3 Bb7 10. f3 Be7 11. Rc1 Nbd7 12. b4 Rc8 13. O-O O-O 14. Qd2 Qb8 15.
Rfd1 Bd8 16. Nb3 Bc7 17. Bf4 Ne5 18. Bxe5 dxe5 19. Qe3 Nh5 20. Kh1 f5 21. c5 b5
22. a4 Bc6 23. axb5 axb5 24. Ra1 Rcd8 25. Na5 Bxa5 26. Rxa5 Rxd1+ 27. Bxd1 Qd8
28. Bb3 fxe4 29. Nxe4 Bxe4 30. Qxe4 Qd2 31. Ra1 Nf4 32. Rg1 Nd3 0-1

[Event "Championnat de Paris"]
[Site "Paris"]
[Date "????.??.??"]
[Round "5.25"]
[White "Boukobza, Adrien"]
[Black "Forthofer, Robert"]
[Result "0-1"]
[WhiteElo "2192"]
[BlackElo "2255"]
[PlyCount "98"]

1. d4 d5 2. c4 Nc6 3. Nf3 Bg4 4. Nc3 Bxf3 5. exf3 e6 6. cxd5 exd5 7. Bf4 Bd6 8.
Bxd6 Qxd6 9. Bb5 Nge7 10. O-O O-O-O 11. Rc1 a6 12. Ba4 Qf6 13. Ne2 h5 14. Qc2
g5 15. b4 g4 16. f4 h4 17. b5 axb5 18. Bxb5 g3 19. fxg3 hxg3 20. h3 Rd6 21. Qa4
Nf5 22. Bxc6 bxc6 23. Qa6+ Kd7 24. Qd3 Rg8 25. Rcd1 Re6 26. Rf3 Rxe2 27. Qxe2
Nxd4 28. Qd3 Nxf3+ 29. Qxf3 Qb2 30. a3 Qc2 31. Rd3 f5 32. Rc3 Qb1+ 33. Qf1
Qxf1+ 34. Kxf1 Kd6 35. a4 d4 36. Ra3 Kd5 37. a5 Ke4 38. a6 d3 39. a7 Ra8 40.
Ke1 Ke3 41. h4 c5 42. h5 c4 43. Ra5 c3 44. Re5+ Kxf4 45. Ra5 Re8+ 46. Kd1 c2+
47. Kd2 Re2+ 48. Kxd3 c1=Q 49. Ra4+ Kg5 0-1

[Event "Championnat de Paris"]
[Site "Paris"]
[Date "????.??.??"]
[Round "5.26"]
[White "Sochacki, Christophe"]
[Black "Spiridonov, Nikola"]
[Result "0-1"]
[WhiteElo "2030"]
[BlackElo "2378"]
[PlyCount "58"]

1. e4 Nf6 2. e5 Nd5 3. c4 Nb6 4. a4 d6 5. a5 N6d7 6. e6 fxe6 7. d4 Nf6 8. g4 g6
9. g5 Nh5 10. h4 Bg7 11. Be2 O-O 12. Bxh5 gxh5 13. Qxh5 Nc6 14. Be3 e5 15. d5
Nd4 16. Bxd4 exd4 17. Nd2 Bf5 18. Ne2 Qd7 19. Rg1 e6 20. Nf4 exd5 21. Nxd5
Rae8+ 22. Kd1 Bg6 23. Nf6+ Rxf6 24. gxf6 Bxh5+ 25. f3 Qf5 26. fxg7 Bg6 27. Rc1
Qd3 28. Rg2 Qe3 29. Rxg6 d3 0-1

[Event "Championnat de Paris"]
[Site "Paris"]
[Date "????.??.??"]
[Round "5.27"]
[White "Toulzac, Pierre-Yves"]
[Black "Reinhart, Emmanuel"]
[Result "1/2-1/2"]
[WhiteElo "2331"]
[BlackElo "2266"]
[PlyCount "94"]

1. d4 d5 2. c4 c6 3. Nc3 dxc4 4. a4 Nf6 5. Nf3 Bf5 6. e3 e6 7. Bxc4 Bb4 8. O-O
Nbd7 9. Qe2 O-O 10. e4 Bg6 11. e5 Nd5 12. Nxd5 cxd5 13. Bd3 Bh5 14. Qe3 Be7 15.
Ne1 Nb8 16. Qh3 Bg6 17. Bxg6 hxg6 18. Nf3 Nc6 19. Qg4 Rc8 20. h4 Qb6 21. g3 Qb3
22. Bg5 Bxg5 23. hxg5 Qc2 24. Kg2 Qe4 25. Qh3 Nxd4 26. Ra3 Rfe8 27. Rh1 Kf8 28.
Qh8+ Ke7 29. Qxg7 Nf5 30. Qf6+ Kd7 31. Rh7 Rc2 32. Rxf7+ Re7 33. Rxe7+ Nxe7 34.
a5 Rxb2 35. Rc3 d4 36. Rc7+ Kxc7 37. Qxe7+ Kc6 38. Qxe6+ Kb5 39. Qd7+ Kxa5 40.
Qd8+ Kb4 41. e6 Qxe6 42. Qxd4+ Ka3 43. Qxa7+ Qa6 44. Qc5+ Ka2 45. Qd5+ Ka1 46.
Qd1+ Ka2 47. Qd5+ Ka1 1/2-1/2

[Event "Championnat de Paris"]
[Site "Paris"]
[Date "????.??.??"]
[Round "5.28"]
[White "Rrhioua, Tarik"]
[Black "Azadharf, Farrokh"]
[Result "1-0"]
[WhiteElo "2329"]
[BlackElo "2251"]
[PlyCount "99"]

1. Nf3 Nf6 2. b3 d6 3. d4 g6 4. Bb2 Bg7 5. e3 O-O 6. Be2 e5 7. c4 e4 8. Nfd2
Qe7 9. Nc3 Re8 10. g4 h6 11. h4 Nbd7 12. Qc2 Nf8 13. g5 hxg5 14. hxg5 N6h7 15.
Nd5 Qd8 16. Nxe4 Bf5 17. Bd3 Bxe4 18. Bxe4 Nxg5 19. Bg2 c6 20. Nf4 Qf6 21.
O-O-O a5 22. d5 Qxb2+ 23. Qxb2 Bxb2+ 24. Kxb2 c5 25. a4 Ngh7 26. Ne2 Nf6 27.
Nc3 Kg7 28. Rde1 Ng4 29. Re2 f5 30. Kc2 Re7 31. Kd2 Nh7 32. Bh3 Ne5 33. f4 Nf7
34. Rg2 Nh6 35. Rhg1 Nf8 36. e4 Kf6 37. Re1 Rae8 38. Rge2 Nh7 39. e5+ dxe5 40.
d6 Re6 41. fxe5+ Kf7 42. Bg2 Ng5 43. Bd5 Ng4 44. Nb5 Ne4+ 45. Rxe4 fxe4 46. Nc7
Nxe5 47. Rxe4 Kf6 48. Bxe6 Rxe6 49. Nxe6 Kxe6 50. Rxe5+ 1-0

[Event "Championnat de Paris"]
[Site "Paris"]
[Date "????.??.??"]
[Round "5.29"]
[White "Camus De Solliers, Guillaume"]
[Black "Spielmann, Alain"]
[Result "0-1"]
[WhiteElo "2307"]
[BlackElo "2231"]
[PlyCount "54"]

1. d4 e6 2. c4 f5 3. Nc3 Nf6 4. Qc2 Bb4 5. e3 b6 6. Bd3 Bb7 7. f3 O-O 8. Nge2
Qe8 9. a3 Be7 10. O-O a5 11. Bd2 Na6 12. Rae1 Qh5 13. Nf4 Qh4 14. g3 Qh6 15. e4
g5 16. Ng2 f4 17. gxf4 Nh5 18. fxg5 Bxg5 19. Bxg5 Qxg5 20. Kh1 Kh8 21. Qf2 Rf7
22. f4 Qf6 23. Be2 Qg6 24. Qh4 Nf6 25. Bf3 Rg8 26. Rg1 Rfg7 27. Ne3 Qxg1+ 0-1

[Event "Championnat de Paris"]
[Site "Paris"]
[Date "????.??.??"]
[Round "5.30"]
[White "Lamorelle, Julien"]
[Black "Strugnell, Carl"]
[Result "0-1"]
[WhiteElo "2230"]
[BlackElo "2216"]
[PlyCount "68"]

1. e4 c5 2. Nf3 d6 3. d4 cxd4 4. Nxd4 Nf6 5. Nc3 Nc6 6. Bg5 e6 7. Qd2 a6 8.
O-O-O Bd7 9. f4 Be7 10. Nf3 b5 11. Bxf6 gxf6 12. f5 Qb6 13. g3 O-O-O 14. Bh3
Kb8 15. Ne2 Rhe8 16. Nf4 Bf8 17. Nh5 Bc8 18. Nxf6 Ne5 19. Nxe8 Nxf3 20. Qf4 Nd4
21. Qe3 e5 22. Nf6 Bb7 23. Kb1 b4 24. Rhe1 Ka8 25. Nxh7 Qc6 26. c3 Bh6 27. Qxh6
bxc3 28. Rxd4 c2+ 29. Kc1 exd4 30. Qf6 Qb6 31. Kxc2 Rc8+ 32. Kb1 Qb4 33. Rd1
Bxe4+ 34. Ka1 Qd2 0-1

[Event "Championnat de Paris"]
[Site "Paris"]
[Date "????.??.??"]
[Round "5.31"]
[White "Vallepin, Cedric"]
[Black "Colson, Arnaud"]
[Result "1/2-1/2"]
[WhiteElo "2150"]
[BlackElo "2211"]
[PlyCount "71"]

1. e4 c5 2. Nf3 e6 3. d4 cxd4 4. Nxd4 a6 5. Bd3 Nf6 6. c4 Qc7 7. O-O Nc6 8.
Nxc6 bxc6 9. Nc3 e5 10. Na4 d6 11. c5 d5 12. exd5 Nxd5 13. Re1 Be7 14. Qh5 Qa5
15. Qxe5 Qxa4 16. Qxg7 Rf8 17. Bh6 Be6 18. Re4 Qa5 19. Rae1 O-O-O 20. b4 Nxb4
21. Rxe6 fxe6 22. Qxe7 Nxd3 23. Qxe6+ Kc7 24. Rb1 Qxc5 25. Be3 Rfe8 26. Qh3
Rxe3 27. fxe3 Rd7 28. Rb7+ Kxb7 29. Qxd7+ Kb6 30. Qxd3 Qc1+ 31. Kf2 Qb2+ 32.
Qe2 Qf6+ 33. Ke1 Qa1+ 34. Kf2 Qf6+ 35. Ke1 Qa1+ 36. Kf2 1/2-1/2

[Event "Championnat de Paris"]
[Site "Paris"]
[Date "????.??.??"]
[Round "5.32"]
[White "Liard, Thibaud"]
[Black "Saatdjian, Thomas"]
[Result "1/2-1/2"]
[WhiteElo "2135"]
[BlackElo "2202"]
[PlyCount "83"]

1. d4 Nf6 2. c4 c5 3. d5 e6 4. Nc3 exd5 5. cxd5 d6 6. Nf3 g6 7. g3 Bg7 8. Bg2
O-O 9. O-O Re8 10. a4 Na6 11. h3 Nc7 12. Re1 Ne4 13. Nxe4 Rxe4 14. Nd2 Rb4 15.
Ra2 b5 16. b3 bxa4 17. Rxa4 Rxa4 18. bxa4 Rb8 19. Nc4 Na6 20. Bd2 Nb4 21. Bf4
Bf8 22. e4 Ba6 23. Bf1 Bxc4 24. Bxc4 Bg7 25. e5 dxe5 26. Bxe5 Bxe5 27. Rxe5 Nc6
28. Re4 Nd4 29. h4 Rb4 30. Qd3 Qd6 31. h5 Kg7 32. a5 Qd8 33. Rxd4 cxd4 34.
Qxd4+ Kg8 35. h6 Qf8 36. d6 Rb1+ 37. Bf1 Rb8 38. d7 Rd8 39. Qxa7 Qd6 40. Qe3
Qxd7 41. a6 Qd4 42. Qe7 1/2-1/2

[Event "Championnat de Paris"]
[Site "Paris"]
[Date "????.??.??"]
[Round "6.17"]
[White "Manouck, Thierry"]
[Black "Draoui, Najib"]
[Result "0-1"]
[WhiteElo "2337"]
[BlackElo "2379"]
[PlyCount "66"]

1. c4 Nf6 2. g3 e5 3. Bg2 Nc6 4. Nf3 Bc5 5. Nc3 O-O 6. O-O Re8 7. d3 h6 8. a3
Nd4 9. Nd2 c6 10. e3 Nf5 11. Nde4 Be7 12. d4 exd4 13. exd4 d5 14. Nxf6+ Bxf6
15. cxd5 Nxd4 16. Be3 c5 17. Ne4 Bf5 18. Nxf6+ Qxf6 19. Rc1 b6 20. b4 Rac8 21.
bxc5 bxc5 22. Rc4 Qa6 23. Ra4 Ne2+ 24. Kh1 Qb5 25. Rxa7 Bg4 26. Qc2 Nd4 27. Qa4
Qd3 28. Qa6 Qxa6 29. Rxa6 Be2 30. Ra7 Bxf1 31. Bxf1 Nc2 32. d6 Nxe3 33. fxe3
Rcd8 0-1

[Event "Championnat de Paris"]
[Site "Paris"]
[Date "????.??.??"]
[Round "6.18"]
[White "Paredes Galan, Angel"]
[Black "Leconte, Maria"]
[Result "1-0"]
[WhiteElo "2361"]
[BlackElo "2304"]
[PlyCount "85"]

1. c4 e5 2. Nc3 c5 3. g3 Nc6 4. Bg2 g6 5. e3 Bg7 6. Nge2 a6 7. a3 Nge7 8. Rb1
O-O 9. d3 d6 10. O-O Be6 11. Nd5 Rb8 12. b4 b5 13. Bd2 Qd7 14. Rb3 Rfc8 15. Qb1
Na7 16. bxc5 dxc5 17. Nec3 Nf5 18. Ne4 Qd8 19. Bc3 a5 20. Qa1 f6 21. g4 Bxd5
22. cxd5 Nh4 23. Bh1 b4 24. axb4 cxb4 25. Bxb4 Rb5 26. Qa2 Rcb8 27. Bxa5 Qd7
28. Rxb5 Rxb5 29. h3 f5 30. d6+ Kh8 31. Ng5 Bf8 32. Bc7 fxg4 33. Qf7 Qxf7 34.
Nxf7+ Kg7 35. d7 Be7 36. d8=Q Bxd8 37. Nxd8 Nf3+ 38. Kg2 h5 39. hxg4 hxg4 40.
Kg3 Nc8 41. Ra1 Ne7 42. Bxf3 gxf3 43. Ra5 1-0

[Event "Championnat de Paris"]
[Site "Paris"]
[Date "????.??.??"]
[Round "6.19"]
[White "Brochet, Philippe"]
[Black "Peyrat, Olivier"]
[Result "1-0"]
[WhiteElo "2398"]
[BlackElo "2251"]
[PlyCount "81"]

1. e4 d6 2. d4 g6 3. Nf3 Nf6 4. Nc3 Bg7 5. Be2 O-O 6. O-O c6 7. a4 Qc7 8. h3
Nbd7 9. Be3 b6 10. Nd2 e5 11. Nc4 Nxe4 12. Nxe4 d5 13. Ng5 dxc4 14. Bxc4 exd4
15. Bxd4 Ne5 16. Bxe5 Bxe5 17. Qf3 Bb7 18. Rad1 Rae8 19. Rfe1 Re7 20. Re3 h6
21. Nxf7 Rfxf7 22. Bxf7+ Rxf7 23. Qe4 Bh2+ 24. Kh1 Kh7 25. Red3 Be5 26. f4 Bf6
27. Qe8 Bc8 28. Rd8 Bxd8 29. Rxd8 Qxd8 30. Qxd8 Bf5 31. Qd2 h5 32. Qe2 c5 33.
g4 hxg4 34. hxg4 Bd7 35. Kh2 Kg8 36. Kg3 Kf8 37. Qe4 Rg7 38. a5 b5 39. Qe3 a6
40. Qxc5+ Re7 41. Qd6 1-0

[Event "Championnat de Paris"]
[Site "Paris"]
[Date "????.??.??"]
[Round "6.20"]
[White "Spiridonov, Nikola"]
[Black "Morelle, Ludovic"]
[Result "1/2-1/2"]
[WhiteElo "2378"]
[BlackElo "2283"]
[PlyCount "100"]

1. c4 g6 2. g3 Bg7 3. Bg2 Nc6 4. Nc3 e5 5. d3 d6 6. Rb1 f5 7. e4 Nf6 8. Nge2
O-O 9. O-O Be6 10. exf5 Bxf5 11. b4 Qd7 12. Bg5 a6 13. a4 Rab8 14. b5 Ne7 15.
Bxf6 Bxf6 16. Ne4 Bg7 17. N2c3 Kh8 18. Qb3 a5 19. Nd5 b6 20. Nxe7 Qxe7 21. Nc3
Bh6 22. Nd5 Qg7 23. Qc2 Rbe8 24. Rbe1 Bg5 25. Re2 h5 26. f3 h4 27. Rfe1 h3 28.
Bf1 Rd8 29. g4 Be6 30. Bxh3 Bxd5 31. cxd5 Rxf3 32. Bg2 Rf4 33. Re4 Rdf8 34. Rf1
R8f7 35. Qe2 Qh6 36. Rexf4 Bxf4 37. h3 Kg7 38. Rf3 Qh4 39. Qe4 Bg3 40. Rxf7+
Kxf7 41. Qf3+ Bf4 42. Kf1 Qg3 43. Qxg3 Bxg3 44. Ke2 Kf6 45. Kf3 Bh4 46. Ke3 g5
47. Be4 Bg3 48. Kf3 Bh4 49. Bf5 Be1 50. Ke4 Bh4 1/2-1/2

[Event "Championnat de Paris"]
[Site "Paris"]
[Date "????.??.??"]
[Round "6.21"]
[White "Mullon, Jean-Baptiste"]
[Black "Touboulic, Julien"]
[Result "1-0"]
[WhiteElo "2375"]
[BlackElo "2244"]
[PlyCount "71"]

1. e4 c5 2. Nf3 e6 3. d4 cxd4 4. Nxd4 a6 5. Bd3 Nf6 6. O-O Qc7 7. Qe2 d6 8. c4
g6 9. Nc3 Bg7 10. Rd1 O-O 11. Nf3 Nc6 12. Bf4 e5 13. Be3 Bg4 14. h3 Nd4 15.
Bxd4 Bxf3 16. Qxf3 exd4 17. Nd5 Nxd5 18. exd5 Qb6 19. Rab1 a5 20. g3 Rfe8 21.
Kg2 Re7 22. Rd2 Rae8 23. Re2 Rxe2 24. Bxe2 h5 25. h4 Qc7 26. Qd3 Qe7 27. Bf3
Qc7 28. Rd1 Qb6 29. Rb1 Qc7 30. a3 Re7 31. Rd1 Qd8 32. Qc2 Qb6 33. Rd3 a4 34.
Qxa4 Qxb2 35. c5 Be5 36. c6 1-0

[Event "Championnat de Paris"]
[Site "Paris"]
[Date "????.??.??"]
[Round "6.22"]
[White "Spielmann, Alain"]
[Black "Picard, Romain"]
[Result "1/2-1/2"]
[WhiteElo "2231"]
[BlackElo "2357"]
[PlyCount "97"]

1. Nf3 Nf6 2. d4 g6 3. c4 Bg7 4. g3 d5 5. cxd5 Nxd5 6. Bg2 Nb6 7. O-O Nc6 8.
Nc3 O-O 9. Bf4 Nxd4 10. Nxd4 Qxd4 11. Qxd4 Bxd4 12. Bxc7 Nc4 13. Rac1 Nxb2 14.
Rc2 Bf5 15. Rxb2 Bxc3 16. Rb3 Bf6 17. Bxb7 Rae8 18. Kg2 Be6 19. Ra3 Bc4 20.
Rxa7 Bxe2 21. Re1 Bc4 22. Be5 Kg7 23. Bxf6+ Kxf6 24. Rc1 Be6 25. a4 Rb8 26. Rc7
Rfd8 27. Be4 Rb2 28. Rc2 Rb4 29. Bf3 Rd3 30. a5 Ra3 31. a6 Bc4 32. Be2 Bd5+ 33.
f3 Re3 34. Kf2 Rbb3 35. f4 Ra3 36. Rac7 Reb3 37. R2c5 Ke6 38. Rb5 Kd6 39. Rxb3
Rxb3 40. Rc2 Ra3 41. Ke1 f6 42. Kd2 e5 43. fxe5+ fxe5 44. Rc3 Ra2+ 45. Rc2 Ra3
46. Rc3 Ra2+ 47. Rc2 Ra5 48. Kc3 Kc5 49. Kd3+ 1/2-1/2

[Event "Championnat de Paris"]
[Site "Paris"]
[Date "????.??.??"]
[Round "6.23"]
[White "Blazkova, Petra"]
[Black "Badev, Kiril"]
[Result "0-1"]
[WhiteElo "2173"]
[BlackElo "2340"]
[PlyCount "74"]

1. e4 c5 2. Nf3 Nc6 3. d4 cxd4 4. Nxd4 g6 5. c4 Bg7 6. Nc2 Nf6 7. Nc3 O-O 8.
Be2 d6 9. O-O Be6 10. f4 Rc8 11. Kh1 Na5 12. b3 b5 13. Nxb5 Nxe4 14. Be3 Bxa1
15. Qxa1 a6 16. Nbd4 Qd7 17. f5 Bxf5 18. Bh6 f6 19. Qe1 Nb7 20. Bf3 Ng5 21.
Bxb7 Qxb7 22. Nxf5 gxf5 23. Bxf8 Rxf8 24. Rxf5 e6 25. Rf2 Ne4 26. Rf4 f5 27.
Ne3 Rf6 28. Qh4 Qg7 29. Rf3 Qc7 30. Rh3 h6 31. Rf3 Qa5 32. Rf1 Qxa2 33. g4 f4
34. Ng2 f3 35. Ne3 Qe2 36. g5 Nxg5 37. Re1 Qd2 0-1